000 00598nam a2200277Ia 4500
005 20260401122448.0
008 008 250103s9999 xx 000 0 eng d
020 _a9780871404565
037 _aTB
040 _aEDL
040 _beng
040 _cEDL
041 _2eng
041 _aeng
084 _a853.919GOL
084 _qEDL
245 4 _aThe Complete works of Primo Levi
260 _aNew York
260 _bLiveright Publishing
260 _c2015
300 _a747p
942 _cTB
942 _h853.919GOL
999 _c1847439
_d1847439